Normal view
MARC view
Entry Personal Name
001 - CONTROL NUMBER
- control field: 46740
003 - CONTROL NUMBER IDENTIFIER
- control field: dpl
005 - DATE AND TIME OF LATEST TRANSACTION
- control field: 20120509151154.0
008 - FIXED-LENGTH DATA ELEMENTS
- fixed length control field: 120509|||a|||||| | ||| d
040 ## - CATALOGING SOURCE
- Original cataloging agency: dpl
- Transcribing agency: dpl
100 ## - HEADING--PERSONAL NAME
- Personal name: Marx, Karl
- Dates associated with a name: 1818-1883
670 ## - SOURCE DATA FOUND
- Source citation: Work cat.: (dpl)58244: Bloch, Maurice 46738, Marxism and anthropology :, 2011(repr.)
670 ## - SOURCE DATA FOUND
- Source citation: Work cat.: (dpl)58244: Bloch, Maurice 46738, Marxism and anthropology :, 2011(repr.)
